Between memory and desire : the Middle East in a troubled age /

Bibliographic Details
Main Author: Humphreys, R. Stephen
Corporate Author: NetLibrary, Inc
Format: eBook
Language:English
Published: Berkeley, Calif. : University of California Press, 1999.
Subjects:
Online Access:Connect to the full text of this electronic book

MARC

Tag First Indicator Second Indicator Subfields
LEADER 00000cam a2200000La 4500
001 in00001761981
005 20220105110509.0
006 m u
007 cr cn---------
008 011022s1999 caub sb s001 0 eng d
020 |a 0585385467 (electronic bk.) 
035 |a (OCoLC)ocm49569851 
040 |a N$T  |c N$T  |d OCLCQ  |d UtOrBLW 
043 |a aw----- 
049 |a IICA 
050 1 4 |a DS63.1  |b .H856 1999eb 
082 0 4 |a 956  |2 21 
100 1 |a Humphreys, R. Stephen.  |0 http://id.loc.gov/authorities/names/nr88011093 
245 1 0 |a Between memory and desire :  |b the Middle East in a troubled age /  |c R. Stephen Humphreys. 
264 1 |a Berkeley, Calif. :  |b University of California Press,  |c 1999. 
300 |a xxii, 297 pages :  |b map ;  |c 24 cm. 
336 |a text  |b txt  |2 rdacontent 
337 |a computer  |b c  |2 rdamedia 
338 |a online resource  |b cr  |2 rdacarrier 
504 |a Includes bibliographical references (pages 289-292) and index. 
533 |a Electronic reproduction.  |b Boulder, Colo. :  |c NetLibrary,  |d 2001.  |n Available via World Wide Web.  |n Access may be limited to NetLibrary affiliated libraries. 
500 |a Electronic resource. 
651 0 |a Middle East  |x Politics and government  |y 1945-  |0 http://id.loc.gov/authorities/subjects/sh85090513 
650 0 |a Islam and politics  |z Middle East.  |0 http://id.loc.gov/authorities/subjects/sh2008104936 
655 7 |a Electronic books.  |2 local 
710 2 |a NetLibrary, Inc.  |0 http://id.loc.gov/authorities/names/no99080690 
776 1 |c Original  |z 0520214110  |w (DLC) 98030576  |w (OCoLC)39633436 
856 4 1 |u https://proxy.library.tamu.edu/login?url=http://www.netLibrary.com/urlapi.asp?action=summary&v=1&bookid=63862  |z Connect to the full text of this electronic book  |t 0 
994 |a X0  |b IIC 
999 |a MARS 
999 f f |s 8603b83d-7f6b-3d8b-a7b0-e419e20b47b7  |i bb93b6ed-c5d1-3cc0-8e92-77db305461ea  |t 0 
952 f f |a Texas A&M University  |b College Station  |c Electronic Resources  |d Available Online  |t 0  |e DS63.1 .H856 1999eb  |h Library of Congress classification 
998 f f |a DS63.1 .H856 1999eb  |t 0  |l Available Online